Soccer : The 10 biggest transfers history ! - Statistics

General Stats
  • This quiz has been taken 1,496 times
  • The average score is 7 of 10
Answer Stats
Ranking Amount of transfert (Euro) Start Club Arrival club Footballers % Correct
1 94 000 000 Manchester United Real Madrid Cristiano Ronaldo
99%
3 86 200 000 Santos Barcelone Neymar
96%
2 91 000 000 Tottenham Real Madrid Gareth Bale
94%
4 81 000 000 Liverpool Barcelone Luis Suarez
78%
10 64 000 000 Naples Paris Saint-Germain Edinson Cavani
58%
9 67 200 000 Milan AC Real Madrid Kaka
57%
6 75 000 000 Juventus Football Club Real Madrid Zinédine Zidane
56%
7 75 000 000 Real Madrid Manchester United Angel Di Maria
51%
8 70 000 000 FC Internazionale Milan Barcelone Zlatan Ibrahimovic
51%
5 80 000 000 Monaco Real Madrid James Rodriguez
47%
No matching quizzes found
Score Distribution
Percent of People with Each Score
Percentile by Number Answered
Your Score History
You have not taken this quiz